000 00948nas a2200325 4500
001 BR0706475
003 BR-BrBNA
005 20231205111016.0
007 ta
008 230509b bl.|||p| |||| 00| 00por d
040 _aBR-BrBNA
_bpor
_cBiblioteca Nacional de Agricultura
041 _a(Pt)
072 _aL02; Q54
100 1 _aBastos, S.C.
100 1 _aFuentes, M. de F.F.
100 1 _aFreitas, E.R.
100 1 _aEspíndola, G.B.
100 1 _aBraga, C.V. de P.
245 1 _aEfeito da inclusão do farelo de coco em rações para frango de corte
650 _aFRANGO DE CORTE
650 _aRAÇÃO
650 _aFARELO
650 _aCOCO
650 _aCONSUMO ALIMENTAR
650 _aCONVERSÃO ALIMENTAR
650 _aFIBRA BRUTA
773 0 _tRevista Ciência Agronômica (Brazil)
_xISSN 0045-6888
_g(Jul-Sep 2007), v. 38(3) p. 297-303
_wBR0706475
909 _a202311
_bLúcia
_c55
_dLúcia Elande
942 _2AGRIS
_n0
_cANA
999 _c190161
_d190161